William F. Draper papers, (Record no. 42192)

MARC details
000 -LEADER
fixed length control field 01174cpcaa2200313 a 4500
001 - CONTROL NUMBER
control field mm 79019000
003 - CONTROL NUMBER IDENTIFIER
control field DLC
005 - DATE AND TIME OF LATEST TRANSACTION
control field 20260227111655.0
008 - FIXED-LENGTH DATA ELEMENTS--GENERAL INFORMATION
fixed length control field 790726|||||||||||| eng
010 ## - LIBRARY OF CONGRESS CONTROL NUMBER
LC control number mm 79019000
NUCMC control number ms 63000341
040 ## - CATALOGING SOURCE
Original cataloging agency DLC
Transcribing agency DLC
Description conventions dacs
Modifying agency DLC
072 #7 - SUBJECT CATEGORY CODE
Subject category code W
Source lcmd
100 1# - MAIN ENTRY--PERSONAL NAME
Personal name Draper, William F.
Fuller form of name (William Franklin),
Dates associated with a name 1842-1910.
245 00 - TITLE STATEMENT
Title William F. Draper papers,
Inclusive dates 1861-1910
Bulk dates (bulk 1862-1863).
300 ## - PHYSICAL DESCRIPTION
Extent 120
Type of unit items.
300 ## - PHYSICAL DESCRIPTION
Extent 1
Type of unit container.
506 0# - RESTRICTIONS ON ACCESS NOTE
Terms governing access Open to research.
520 8# - SUMMARY, ETC.
Summary, etc. Letters written by Draper to his family primarily while serving as a soldier in the Civil War.
545 0# - BIOGRAPHICAL OR HISTORICAL DATA
Biographical or historical data Soldier, businessman, inventor, diplomat, and statesman.
546 ## - LANGUAGE NOTE
Language note Collection material in English.
651 #0 - SUBJECT ADDED ENTRY--GEOGRAPHIC NAME
Geographic name United States
General subdivision History
Chronological subdivision Civil War, 1861-1865.
656 #7 - INDEX TERM--OCCUPATION
Occupation Businessmen.
Source of term itoamc
656 #7 - INDEX TERM--OCCUPATION
Occupation Diplomats.
Source of term itoamc
656 #7 - INDEX TERM--OCCUPATION
Occupation Inventors.
Source of term itoamc
656 #7 - INDEX TERM--OCCUPATION
Occupation Soldiers.
Source of term itoamc
656 #7 - INDEX TERM--OCCUPATION
Occupation Statesmen.
Source of term itoamc

No items available.

Powered by Koha